000 00956cam a2200157ua 4500
041 _aeng
_h
082 _a721.021
_bIND/CO
110 1 _aIndian standards institution .
_bISI
_c()
245 _aCode of practice for architectural and building working drawings /
_cIndian standards institution.
_hTextual Documents
250 _a1 /
_b.
260 _aNew Delhi :
_bIndian standards institution ,
_c1989.
300 _a7 ; .
504 _a
942 _cBK
999 _c10976
_d10976